[Event "Challenge"]
[Site "http://www.queenalice.com/game.php?id=178545"]
[Date "2007.3.8"]
[Round "-"]
[White "Neluz"]
[Black "zecafernandes"]
[Result "1-0"]
[WhiteElo "1577"]
[BlackElo "1429"]

1. e4 e5 2. d3 d5 3. f3 dxe4 4. fxe4 Qf6 5. Nf3 Bg4 6. h3 Qh6 7. Bxh6 Nxh6 8.
Nc3 Nc6 9. hxg4 Nxg4 10. Nd5 Bc5 11. Rh4 h5 12. Qd2 Bb4 13. c3 Bc5 14. b4 Bd6
15. a4 a5 16. b5 Na7 17. c4 c6 18. Nc3 Bb4 19. bxc6 Nxc6 20. g3 Bc5 21. Bh3 Nf2
22. Nd5 Ra7 23. d4 Bxd4 24. Nxd4 Nxe4 25. Qe3 exd4 26. Qxe4+ Kd8 27. O-O-O Re8
28. Qf4 f6 29. Qc7# 1-0

[Event "Challenge"]
[Site "http://www.queenalice.com/game.php?id=178549"]
[Date "2007.3.8"]
[Round "-"]
[White "GummiBear"]
[Black "Neluz"]
[Result "1-0"]
[WhiteElo "1188"]
[BlackElo "1580"]

1. e4 e5 2. d4 f6 3. Nf3 d6 4. c3 Nh6 5. Bxh6 gxh6 6. Nbd2 Nc6 7. Bb5 a6 8. Bc4
b5 9. Bd5 Bb7 10. O-O Qd7 11. Nh4 O-O-O 12. Nf5 Na5 13. Bxb7+ Nxb7 14. Qb3 c6
15. Rac1 a5 16. Qd1 d5 17. Re1 dxe4 18. Ne3 Rg8 19. Nxe4 Be7 20. Qf3 b4 21. Nc4
Qc7 22. Qf5+ Kb8 23. Qxh7 Rh8 24. Qf5 1-0

[Event "Play?"]
[Site "http://www.queenalice.com/game.php?id=178568"]
[Date "2007.3.8"]
[Round "-"]
[White "Electric_Lettuce"]
[Black "Neluz"]
[Result "1-0"]
[WhiteElo "1567"]
[BlackElo "1643"]

1. e4 e5 2. Nc3 d6 3. d4 exd4 4. Qxd4 c5 5. Qd5 Nf6 6. Bb5+ Nbd7 7. Bxd7+ Qxd7
8. Qd3 Qg4 9. g3 Be7 10. Bf4 O-O 11. f3 Qe6 12. O-O-O a6 13. g4 b5 14. h4 b4 15.
Nd5 a5 16. Nxe7+ Qxe7 17. Bxd6 Qe8 18. Bxf8 Qxf8 19. Qd8 Ne8 20. h5 Bb7 21. Qd7
Ba6 22. e5 Bc4 23. Qb7 Ra6 24. Rd8 h6 25. Qb8 Re6 26. f4 a4 27. Nf3 Bd5 28. f5
a3 29. fxe6 b3 30. Rxe8 Qxe8 31. Qxe8+ Kh7 32. exf7 Bxf7 33. Qxf7 bxa2 34. Qxa2
axb2+ 35. Qxb2 g5 36. Qb7+ Kg8 37. Rd1 c4 38. Rd8# 1-0

[Event "Challenge"]
[Site "http://www.queenalice.com/game.php?id=178701"]
[Date "2007.3.8"]
[Round "-"]
[White "Celestina"]
[Black "Neluz"]
[Result "0-1"]
[WhiteElo "1131"]
[BlackElo "1598"]

1. Nf3 d6 2. Nc3 e5 3. e4 Bg4 4. Qe2 c6 5. Qe3 Nf6 6. Nh4 Nbd7 7. a3 d5 8. Bd3
d4 9. Qg5 dxc3 10. dxc3 h6 11. Qe3 Bc5 12. Qg3 g5 13. Be3 Qb6 14. Bd2 Qxb2 15.
Rd1 Qxa3 16. f3 Be6 17. Bxg5 Rg8 18. Qf2 Bxf2+ 19. Kxf2 Qxc3 20. Bxh6 Nc5 21.
Rhe1 Rd8 22. Rd2 Nxd3+ 23. Ke2 a5 24. Rxd3 Qxc2+ 25. Rd2 Bc4+ 26. Ke3 Qxd2# 0-1

[Event "Queres revancha?"]
[Site "http://www.queenalice.com/game.php?id=179948"]
[Date "2007.3.11"]
[Round "-"]
[White "El_Montes"]
[Black "Neluz"]
[Result "0-1"]
[WhiteElo "1315"]
[BlackElo "1500"]

1. e4 e5 2. b3 Bc5 3. Nh3 d6 4. Bb2 Nf6 5. d4 exd4 6. Bxd4 b6 7. c3 Nxe4 8. Bd3
d5 9. b4 Bxd4 10. cxd4 Qf6 11. Be2 Bxh3 12. gxh3 Qxf2# 0-1

[Event "Otro?"]
[Site "http://www.queenalice.com/game.php?id=180865"]
[Date "2007.3.12"]
[Round "-"]
[White "El_Montes"]
[Black "Neluz"]
[Result "0-1"]
[WhiteElo "1315"]
[BlackElo "1608"]

1. e4 e5 2. Qh5 Nf6 3. Qxe5+ Be7 4. b3 Nc6 5. Qg3 Nxe4 6. Qe3 f5 7. d3 Bg5 8.
Qf3 Bxc1 9. Qxf5 Nd6 10. Qf3 Nb4 11. Na3 Qg5 12. Qe2+ Kf8 13. Rxc1 Qxc1+ 14. Qd1
Qxa3 15. Ne2 Qxa2 16. Nd4 Ne8 17. Be2 c5 18. c3 Nd5 19. Nf5 Nxc3 20. Qc1 Qxe2#
0-1

[Event "Otra vez!!!!!"]
[Site "http://www.queenalice.com/game.php?id=181415"]
[Date "2007.3.13"]
[Round "-"]
[White "Neluz"]
[Black "El_Montes"]
[Result "1-0"]
[WhiteElo "1524"]
[BlackElo "1315"]

1. e4 e5 2. d3 Be7 3. Nf3 Nc6 4. Nc3 Nf6 5. Be2 d6 6. O-O Be6 7. h3 d5 8. exd5
Nxd5 9. Nb5 Qd7 10. c4 Nf4 11. Bxf4 exf4 12. d4 Bf6 13. d5 Bxd5 14. cxd5 Nb4 15.
d6 c6 16. Nc7+ Kd8 17. Nxa8 Kc8 18. a3 Nd5 19. Nc7 Qxd6 20. Nxd5 cxd5 21. Rc1+
Kb8 22. Bc4 d4 23. Bxf7 Qb6 24. b3 d3 25. Qxd3 Rf8 26. Qf5 Qd8 27. Rfd1 g6 28.
Rxd8+ Rxd8 29. Qxf6 Rf8 30. Qd6+ Ka8 31. Qxf8# 1-0

[Event "Challenge"]
[Site "http://www.queenalice.com/game.php?id=181446"]
[Date "2007.3.13"]
[Round "-"]
[White "Neluz"]
[Black "Electric_Lettuce"]
[Result "1-0"]
[WhiteElo "1556"]
[BlackElo "1575"]

1. e4 e5 2. Bc4 Nf6 3. d3 c6 4. Nc3 d5 5. exd5 cxd5 6. Bb5+ Nc6 7. Nf3 Bb4 8.
Nxe5 a6 9. Nxc6 Qd6 10. Nxb4+ axb5 11. a3 O-O 12. O-O Ng4 13. g3 Ra5 14. Bf4 Ne5
15. d4 Bh3 16. Bxe5 Qg6 17. Ncxd5 Re8 18. Nf4 Qe4 19. Nxh3 f6 20. Bc7 Raa8 21.
Re1 Qg6 22. Rxe8+ Rxe8 23. Nd5 h5 24. Nhf4 1-0

[Event "seguis queriendo mas?"]
[Site "http://www.queenalice.com/game.php?id=182011"]
[Date "2007.3.14"]
[Round "-"]
[White "El_Montes"]
[Black "Neluz"]
[Result "0-1"]
[WhiteElo "1315"]
[BlackElo "1553"]

1. e4 e5 2. g3 d6 3. Bg2 Nf6 4. d3 Nc6 5. Be3 Be7 6. Qd2 O-O 7. Nc3 Be6 8. Nge2
Nb4 9. O-O-O Bxa2 10. f4 Ng4 11. Bg1 Be6 12. Bh3 Nf6 13. Bxe6 fxe6 14. g4 Nxg4
15. f5 h6 16. fxe6 Bg5 17. Be3 Bxe3 18. Qxe3 Nxe3 19. Nd5 Nxd1 20. Kxd1 Qh4 21.
Ng3 Qg4+ 22. Kc1 Qf3 23. Ne7+ Kh7 24. Rf1 Qe3+ 25. Kb1 Rxf1+ 26. Nxf1 Qe1# 0-1

[Event "Challenge"]
[Site "http://www.queenalice.com/game.php?id=182038"]
[Date "2007.3.14"]
[Round "-"]
[White "Electric_Lettuce"]
[Black "Neluz"]
[Result "1-0"]
[WhiteElo "1575"]
[BlackElo "1608"]

1. e4 e5 2. Nf3 d6 3. d4 f6 4. Nc3 Nc6 5. d5 Nb4 6. Bc4 Bg4 7. h3 Bh5 8. O-O g5
9. h4 g4 10. Nh2 Qd7 11. a3 Nc6 12. Bb5 a6 13. dxc6 bxc6 14. Bc4 Be7 15. f3 gxf3
16. Nxf3 f5 17. exf5 Qxf5 18. Qd3 Qxd3 19. Bxd3 Nf6 20. Ng5 d5 21. Ne6 Ra7 22.
Ng7+ Kd7 23. Nxh5 Nxh5 24. Bf5+ Kd6 25. Be3 Rb7 26. Rad1 Nf6 27. g4 Rxb2 28. g5
Rg8 29. Kh2 Nh5 30. Ne4# 1-0

[Event "Challenge"]
[Site "http://www.queenalice.com/game.php?id=184759"]
[Date "2007.3.19"]
[Round "-"]
[White "Neluz"]
[Black "TheDonaldo"]
[Result "0-1"]
[WhiteElo "1543"]
[BlackElo "1962"]

1. e4 c5 2. Bc4 e6 3. Nc3 a6 4. d3 b5 5. Bb3 Bb7 6. Nf3 d6 7. O-O Nc6 8. Bg5 Nf6
9. a4 Qb6 10. a5 Qd8 11. h3 Be7 12. Ne2 O-O 0-1

[Event "Grrrrrrrr"]
[Site "http://www.queenalice.com/game.php?id=184814"]
[Date "2007.3.19"]
[Round "-"]
[White "pollo"]
[Black "Neluz"]
[Result "1-0"]
[WhiteElo "1416"]
[BlackElo "1598"]

1. e4 Nf6 2. Nc3 Nc6 3. d3 e5 4. Bg5 h6 5. Bxf6 Qxf6 6. Nd5 Qg5 7. Nf3 Qh5 8.
Nxc7+ Kd8 9. Nxa8 Bb4+ 10. c3 Bc5 11. Qb3 d6 12. O-O-O Be6 13. Qxb7 Bb6 14. Qxc6
Bd7 15. Qxd6 f6 16. d4 Re8 17. Bb5 Re7 18. dxe5 fxe5 19. Qb8# 1-0

[Event "Challenge"]
[Site "http://www.queenalice.com/game.php?id=185025"]
[Date "2007.3.20"]
[Round "-"]
[White "jose50"]
[Black "Neluz"]
[Result "0-1"]
[WhiteElo "1522"]
[BlackElo "1565"]

1. e4 e5 2. Bc4 d6 3. Qf3 Nf6 4. d3 Bg4 5. Qg3 Nc6 6. a3 Nd4 7. Kd2 g6 8. h3 Bh5
9. Nf3 Bh6+ 10. Kc3 Ne2+ 0-1

[Event "La venganza intentará ser terri"]
[Site "http://www.queenalice.com/game.php?id=185184"]
[Date "2007.3.20"]
[Round "-"]
[White "Neluz"]
[Black "pollo"]
[Result "1-0"]
[WhiteElo "1589"]
[BlackElo "1533"]

1. e4 e5 2. Nf3 d6 3. Bc4 Bg4 4. d3 Nc6 5. h3 Bxf3 6. Qxf3 f6 7. O-O Nd4 8. Qh5+
g6 9. Qh4 Nxc2 10. Qg4 Qe7 11. Na3 Nxa1 12. Bd2 h5 13. Qxg6+ Kd8 14. Rxa1 c6 15.
Rc1 d5 16. Bb3 Qg7 17. Qf5 Nh6 18. Bxh6 Qxh6 19. Rc2 Rg8 20. exd5 Qg7 21. f3
Bc5+ 22. Kf1 Rc8 23. dxc6 bxc6 24. Bxg8 Qxg8 25. Rxc5 Qe8 26. Nb5 Qf8 27. b4 Qe8
28. Nxa7 Rc7 29. Qxf6+ Qe7 30. Qxe7+ Rxe7 31. Nxc6+ Kd7 32. Nxe7 Kxe7 33. Rc6 e4
34. dxe4 h4 35. b5 Kd7 36. Rc4 Ke6 37. b6 Ke5 38. b7 Kf4 39. Kf2 Kg5 40. b8=Q
Kh5 41. Qe5+ Kg6 42. Rc6+ 1-0

[Event "Challenge"]
[Site "http://www.queenalice.com/game.php?id=185756"]
[Date "2007.3.21"]
[Round "-"]
[White "Neluz"]
[Black "Electric_Lettuce"]
[Result "0-1"]
[WhiteElo "1610"]
[BlackElo "1592"]

1. e4 e5 2. Bc4 Nf6 3. d3 c6 4. Nf3 Be7 5. Nxe5 Qa5+ 6. c3 Qxe5 7. O-O d5 8.
exd5 Ng4 9. g3 cxd5 10. Bb5+ Nc6 11. b3 O-O 12. Re1 Qf5 13. Bxc6 Qxf2+ 0-1

[Event "Esta vez me ahogas si o si"]
[Site "http://www.queenalice.com/game.php?id=186431"]
[Date "2007.3.23"]
[Round "-"]
[White "pollo"]
[Black "Neluz"]
[Result "0-1"]
[WhiteElo "1412"]
[BlackElo "1586"]

1. e4 e5 2. c3 c6 3. Nf3 f6 4. d4 exd4 5. Nxd4 Bc5 6. Bc4 Ne7 7. O-O d5 8. b4
dxc4 9. bxc5 O-O 10. Na3 Na6 11. Qf3 Nxc5 12. Nxc4 f5 13. Nxf5 Bxf5 14. Qg3 Rf6
15. exf5 Nxf5 16. Qg4 Nd3 17. Bg5 Qf8 18. Bxf6 Qxf6 19. Ne3 Nd6 20. Rad1 Ne5 21.
Qb4 Rd8 22. f4 Nef7 23. Nc4 b6 24. Nxd6 Nxd6 25. Rxd6 Rxd6 26. Qb3+ Kh8 27. Re1
Rd8 28. Re6 Qxf4 29. g3 Qc1+ 30. Kg2 h6 31. Rxc6 Qe1 32. Qf7 Qe4+ 33. Qf3 Rd2+
34. Kh3 Qxf3 35. Rc8+ Kh7 0-1

[Event "Challenge"]
[Site "http://www.queenalice.com/game.php?id=186976"]
[Date "2007.3.24"]
[Round "-"]
[White "ALMOVE"]
[Black "Neluz"]
[Result "1-0"]
[WhiteElo "1641"]
[BlackElo "1598"]

1. Nf3 d6 2. d3 e5 3. Nc3 Nf6 4. e3 Bg4 5. Be2 Bxf3 6. Bxf3 Be7 7. O-O O-O 8. d4
exd4 9. exd4 Nc6 10. Be3 Nb4 11. a3 Nbd5 12. Bg5 h6 13. Bxf6 1-0